Loreto College Library, Kolkata
WEBOPAC (ONLINE PUBLIC ACCESS CATALOGUE)

The New international Webster's pocket medical and first aid dictionary of the english language (Record no. 2733)

MARC details
000 -LEADER
fixed length control field 00663nam a2200217Ia 4500
005 - DATE AND TIME OF LATEST TRANSACTION
control field 20230427113352.0
008 - FIXED-LENGTH DATA ELEMENTS--GENERAL INFORMATION
fixed length control field 131103s9999 xx 000 0 und d
020 ## - ISBN | অাই এস বি এন
ISBN | অাই এস বি এন 188877755 9
040 ## - CATALOGING SOURCE
Original cataloging agency Loreto College
041 ## - LANGUAGE CODE
Language code English
082 ## - DDC | ডিউই
Classification number | বর্গসংখ্যা 614.8803
Book Number | গ্রন্থাঙ্ক WEB
245 #4 - TITLE STATEMENT | অাখ্যা বিবরণী
Title | অাখ্যা The New international Webster's pocket medical and first aid dictionary of the english language
260 ## - IMPRINT | প্রকাশনা ক্ষেত্র
Place of publication | প্রকাশ স্থান [s.l.]
Name of publisher | প্রকাশকের নাম Trident Press
Date of publication | প্রকাশ কাল 1998
300 ## - PHYSICAL DESCRIPTION |
Page / Vol. No | পৃষ্ঠা / খন্ড সংখ্যা 318 p.
504 ## - BIBLIOGRAPHY, ETC. NOTE
Bibliography, etc First published in 1997
630 ## - SUBJECT ADDED ENTRY--UNIFORM TITLE
Uniform title Medical Science - Emergency Surgery - First aid
650 ## - SUBJECT ADDED ENTRY--TOPICAL TERM | বিষয় শিরোনাম - মূল বিষয়
Topical term | মূল বিষয় Trident Press International
651 ## - SUBJECT ADDED ENTRY--GEOGRAPHIC NAME | বিষয় শিরোনাম - ভৌগলিক নাম
Geographic name | ভৌগলিক বিষয় Medical Science - Dictionary
850 ## - HOLDING INSTITUTION
Holding institution LCLIB
942 ## - ADDED ENTRY ELEMENTS (KOHA)
Koha item type Books
Holdings
Withdrawn status Lost status Source of classification Damaged status Not for loan Home library Current library Date acquired Total Checkouts Full call number Accession No. Date last seen Price effective from Koha item type Coded location qualifier
    Dewey Decimal Classification     Loreto College Loreto College 04/11/2013   614.8803 WEB 41279 B2593 04/11/2013 04/11/2013 Books